00532nam a2200121Ia 4500008004100000020001800041100003600059245011600095260002700211650001400238650011500252856004300367171212s9999 xx 000 0 und d a9780833047427 aCarroll, Stephen J.;Erkut, Emre cCarroll, Stephen J.;Erkut, EmreaThe Benefits to Taxpayers from Increases in Students’ Educational Attainment bRAND Corporationc2009 aEducation aPublic schools -- United States -- Finance; Education -- United States -- Finance; Income tax -- United States uwww.jstor.org/stable/10.7249/mg686wfhf